Statistics for Countries with the Same Set of Consonants

Click here to take the quiz!

General Stats

  • This quiz has been taken 33 times
  • The average score is 12 of 22

Answer Stats

Answer% Correct
Niger
100%
Nigeria
100%
Romania
94%
Lebanon
84%
Iran
69%
Barbados
63%
Latvia
63%
Tuvalu
59%
Albania
56%
Armenia
56%
Sudan
56%
Nauru
50%
Trinidad and Tobago
47%
Tunisia
47%
Indonesia
41%
San Marino
41%
Antigua and Barbuda
38%
Mauritius
38%
Suriname
38%
Estonia
34%
East Timor
19%
Saudi Arabia
9%

Score Distribution

Percentile by Number Answered

Percent of People with Each Score

Your Score History

You have not taken this quiz